000 00428nam a2200181 i 4500
001 bg
100 1 _aZYDOROWICZ, Tomasz
245 0 _aPC i sieci komputerowe /
_cTomasz Zydorowicz.
260 _aWarszawa :
_bWydaw. PLJ,
_c1993.
300 _c224 cm.
020 _a8385190953
040 _cBPK
041 _apol
080 _a681.324
920 _a83-85190-95-3
942 _cKS
008 s pl f |000 0 pol
999 _c5611
_d5611
856 _uhttp://koha.tu.koszalin.pl/cgi-bin/koha/opac-detail.pl?biblionumber=5611
_yKatalog online BPK